Introducción a la filosofía. Epistemología y metafísica

সংরক্ষণ করুন:
গ্রন্থ-পঞ্জীর বিবরন
প্রধান লেখক: Ajdukiewicz, Kazimierz (Author)
বিন্যাস: গ্রন্থ
ভাষা:স্প্যানিশ
প্রকাশিত: Madrid Cátedra 1986
মালা:Colección Teorema
বিষয়গুলি:
ট্যাগগুলো: ট্যাগ যুক্ত করুন
কোনো ট্যাগ নেই, প্রথমজন হিসাবে ট্যাগ করুন!

MARC

LEADER 00000nam a2200000 a 4500
001 UCZ8139
003 CL-VaPUC
008 960112e19860000SP |||||||||||||||||spa|d
082 0 4 |a 121  |b AJD  |2 21 
100 0 |a Ajdukiewicz, Kazimierz  |e author  |9 353308 
245 1 0 |a Introducción a la filosofía. Epistemología y metafísica 
300 |a 175 p 
942 |c BK 
945 |d 19960112 00:00:00  |a lriquelm 
260 |a Madrid  |b Cátedra  |c 1986 
650 0 |a Epistemología   |9 264994 
650 0 |a Metafísica  |9 265649 
650 0 |a Teoría del conocimiento   |9 255038 
650 0 |a Filosofía   |9 223554 
650 0 |a Cognición   |9 270347 
583 |a last modification  |c 19960112 00:00:00  |k Rodrigo Vera 
490 0 |a Colección Teorema 
999 |c 244094  |d 244092 
952 |0 0  |1 0  |4 0  |6 121_000000000000000_AJD_1986  |7 0  |8 A  |9 258029  |a BIBEDU  |b BIBEDU  |d 2019-11-19  |i 1617346  |o 121 AJD 1986  |p 1617346  |r 2019-11-19  |w 2019-11-19  |y BK  |k EDU